| 000 | 00587nam a22002057a 4500 | ||
|---|---|---|---|
| 005 | 20251108164949.0 | ||
| 008 | 250721s1995 xx 000 0 ara d | ||
| 082 | 1 | 4 | _a214/سلي |
| 100 | 1 | _aالجابي، سليم | |
| 245 | 1 | 0 | _aالقضاء و القدر حقيقه كونيه ثابته / |
| 250 | _aط2. | ||
| 264 | 1 |
_aبيروت : _bدار الجيل، _c1995. |
|
| 300 | _a215ص | ||
| 650 | 1 | 7 | _aالإسلام |
| 650 | 1 | 7 | _aأصول الدين الإسلامي |
| 650 | 1 | 7 | _aالقضاء و القدر |
| 650 | 1 | 7 | _aالإيمان |
| 942 |
_2ddc _cBK |
||
| 999 |
_c18569 _d18569 |
||